Normal view
MARC view
- Leibovich, Mark.
Entry Personal Name
001 - CONTROL NUMBER
- control field: 8161
003 - CONTROL NUMBER IDENTIFIER
- control field: NUST
005 - DATE AND TIME OF LATEST TRANSACTION
- control field: 20180110122901.0
008 - FIXED-LENGTH DATA ELEMENTS
- fixed length control field: 180110|| aca||aabn | a|a d
040 ## - CATALOGING SOURCE
- Original cataloging agency: NUST
- Transcribing agency: NUST
100 ## - HEADING--PERSONAL NAME
- Personal name: Leibovich, Mark.
670 ## - SOURCE DATA FOUND
- Source citation: Work cat.: (NUST)0: Leibovich, Mark., This town :
